000 01029nam a2200253Ia 4500
003 OSt
005 20220923224702.0
006 a|||||r|||| 00| 0
007 ta
008 220922b |||||||| |||| 00| 0 hin d
024 _a248,773
037 _cTextual
040 _aARTS
_cARTS
_bhin
041 _2hin
_ahin
082 _aO1520v5,1(Q22):g, K8
100 _aजोगलेकर, नरहरि चिन्तामणि
245 0 _aहिन्दी एवं मराठी के वैष्णव साहित्य का तुलनात्मक अध्ययन
246 _aHindī evan marāṭhī ke vaiṣhṇav sāhitya kā tulanātmak adhyayana
260 _aमथुरा
_b जवाहर पुस्तकालय
_c1968
300 _a721पृ.
_ccm.
650 _aहिन्दी साहित्य
_9156264
942 _hO1520v5,1(Q22):g, K8
_cTEXL
_2CC
999 _c372936
_d372936